00502nam a22001577a 4500003000400000005001700004008004100021020001800062040000600080082002300086100001600109245011500125260002800240300001700268650005900285OSt20240404090043.0240404b |||||||| |||| 00| 0 eng d a9780367314743 cn a690.0218 W244 2019 aWarner, Kee a BUILDING RULES : how local controls shape community environments and economies / cKEE MOLOTCH, HARVEY WARNER bROUTLEDGE, [S.l.], 2019 a204 p, 23 cm zAdministration locale Administration locale Californie